Social Science | 0 | 3 | 1 | 0 | 25 | 82 | 101.00 | 0 | 2 |
Fine Arts - Painting & Sculpture | 0 | 4 | 3 | 1 | 25 | 95 | 122.25 | 0 | 1 |
Fine Arts - Other Fine Arts | 0 | 2 | 0 | 0 | 20 | 87 | 89.50 | 0 | 2 |
History - Other History | 0 | 2 | 0 | 1 | 20 | 91 | 113.00 | 0 | 1 |
Philosophy | 0 | 2 | 0 | 1 | 20 | 119 | 125.50 | 0 | 1 |
Mythology | 0 | 2 | 1 | 0 | 15 | 127 | 131.50 | 0 | 2 |
History - American History | 0 | 2 | 1 | 0 | 15 | 91 | 103.00 | 0 | 0 |
History - World History | 0 | 2 | 1 | 1 | 15 | 95 | 115.00 | 0 | 2 |
Literature - European Literature | 0 | 1 | 0 | 0 | 10 | 138 | 138.00 | 0 | 1 |
History - European History | 0 | 2 | 2 | 0 | 10 | 48 | 90.00 | 1 | 1 |
Literature - British Literature | 0 | 1 | 0 | 0 | 10 | 110 | 110.00 | 0 | 0 |
Other | 0 | 1 | 0 | 0 | 10 | 105 | 105.00 | 0 | 0 |
Religion | 0 | 2 | 3 | 0 | 5 | 94 | 113.50 | 1 | 2 |
Fine Arts - Classical Music | 0 | 1 | 1 | 0 | 5 | 133 | 133.00 | 0 | 0 |
Literature - World Literature | 0 | 0 | 0 | 0 | 0 | | 0.00 | 0 | 0 |
Science - Other Science | 0 | 0 | 0 | 0 | 0 | | 0.00 | 0 | 0 |